000 00622nam a2200205Ia 4500
003 GCL
008 140319s9999 xx 000 0 ara d
040 _aGCL /
_cGCL
082 0 4 _aط
_b808.83
_bم ر
100 1 _aمختار السويفى
245 1 0 _aروائع الادب العالمى فى كبسولة /
_cمختار السويفى
260 _a[S.N] :
_bمكتبة الدار العربية للكتاب ،
_c1993
300 _a230 ص
490 _a
650 0 4 _aالاطفال
650 0 4 _aقصص الاطفال
650 0 4 _aادب الاطفال
650 0 4 _aالمجموعات
942 _2ddc
_cBK
999 _c30502
_d30502